000 00700cam a2200181 a 4500
020 _a0419231102
082 0 0 _a625.85
_bASP
_cL-NUST, P-07
245 0 0 _aAsphalt surfacings :
_ba guide to asphalt surfacings and treatments used for the surface course of road pavements /
_cedited by Cliff Nicholls.
260 _aLondon ;
_aNew York :
_bE & FN Spon,
_c1998.
300 _axxvi, 405 p. :
_bill. ;
_c25 cm.
526 _a0
_b0
_c0
_d625_850000000000000_ASP
650 0 _aMCE
_9379
650 0 _aPavements, Asphalt concrete.
_921880
650 0 _aPavements, Asphalt.
_921213
700 1 _aNicholls, Cliff.
_943852
856 4 2 _uhttp://www.loc.gov/catdir/enhancements/fy0651/98165437-d.html
942 _2ddc
_cBK
999 _c547709
_d547709